000 00340nam a2200121 i 4500
001 bg
245 0 _aSpectroskopia and Group Theorefical Methods in Physics :
_bracah Memorial Volume /
_ced. by F. Block [i in.].
260 _aAmsterdam,
_c1968.
040 _cBPK
041 _apol
942 _cKS
008 s pl f |000 0 pol
999 _c26298
_d26298
856 _uhttp://koha.tu.koszalin.pl/cgi-bin/koha/opac-detail.pl?biblionumber=26298
_yKatalog online BPK